000 00740nam a2200193 a 4500
001 000029666
005 20200930055721.0
008 110415s2000 dr 000 0 spa d
040 _aDO-SdBNP
_bspa
_cBNPHU
082 _axxx
_bC3978a
110 2 _aCentro Nacional de Investigaciones en Salud Materno Infantil
_955757
245 1 0 _aSalud reproductiva y su integración a la antención de la salud materno infantil /
_ceditor Olga Pérez, Eddy Pérez Then.
260 _aSanto Domingo :
_bCentro Nacional de Educación para la Salud
_bCENISMI,
_c2000.
300 _a12 p. ;
_c28 cm.
490 1 _aReuniones técnicas
_v2
700 1 _aPérez, Olga
_956467
700 1 _aPérez Then, Eddy
_eed.
_956028
830 0 _aReuniones técnicas
_v2
_955759
999 _c29158
_d29158